000 00352nam a2200133Ia 4500
008 231129s1975||||xx |||||||||||||| ||spa||
020 _a84-250-0197-8
082 _aGOR- 157
100 _aGómez de la Serna Ramón
245 0 _aIsmos
260 _c1975
264 _aMadrid: Guadarrama 1975
942 _2ddc
_cBKS
999 _c16037
_d16037